• 首页
  • 本馆介绍
  • 公告通知
  • 最新文献
  • 馆藏检索
  • 电子资源
  • 读者导购
  • 参考咨询
  • 我的图书馆
  • 登录
  • 详细信息显示
  • 放入我的书架
  • 预约/预借图书
  • 作者相关作品
  • 分类相关作品
  • 丛书相关作品
  • 出版社相关作品

书目信息

  • 表格格式
  • 工作单格式
  • 卡片格式
题名:
数学思想领悟
    
 
作者: 沈文选 , 杨清桃 编著
分册:  
出版信息: 哈尔滨   哈尔滨工业大学出版社  2018.01
页数: 419,16页
开本: 26cm
丛书名: 中学数学拓展丛书
单 册:
中图分类: G633.603
科图分类:
主题词: 中学数学课--教学参考资料
电子资源:
ISBN: 978-7-5603-6835-1
000 00898oam2 2200265 450
001 4362
005 20180613174321.64
010    @a978-7-5603-6835-1@dCNY68.00
100    @a20180612d2018 em y0chiy50 ea
101 0  @achi
102    @aCN@b230000
105    @ay z 000yy
200 1  @a数学思想领悟@9shu xue si xiang ling wu@f沈文选,杨清桃编著
205    @a2版
210    @a哈尔滨@c哈尔滨工业大学出版社@d2018.01
215    @a419,16页@d26cm
225 1  @a中学数学拓展丛书@v3
330    @a本书共分五章。第一章数学思想概述;第二章两大“基石”思想;第三章两大“支柱”思想;第四章两大“主梁”思想;第五章数学思想的运用与领悟。
461  0 @12001 @a中学数学拓展丛书
606 0  @a中学数学课@j教学参考资料
690    @aG633.603@v5
701  0 @a沈文选@9shen wen xuan@f(1948-)@4编著
701  0 @a杨清桃@9yang qing tao@4编著
801  0 @aCN@b91MARC@c20180612
905    @aMuseLib@dG633.603@e713=2
    
    数学思想领悟/沈文选,杨清桃编著.-2版.-哈尔滨:哈尔滨工业大学出版社,2018.01
    419,16页;26cm.-(中学数学拓展丛书;3)
    
    
    ISBN 978-7-5603-6835-1:CNY68.00
    本书共分五章。第一章数学思想概述;第二章两大“基石”思想;第三章两大“支柱”思想;第四章两大“主梁”思想;第五章数学思想的运用与领悟。
●
相关链接 在E读中查询图书 在五车中查询图书 在当当中查询图书 在豆瓣中查询图书


正题名:数学思想领悟     索取号:G633.603/713=2         预约/预借

序号 登录号 条形码 馆藏地/架位号 状态 备注
1 1117168   211171685   第一样本阅览室/ [索取号:G633.603/713=2] 在馆    
2 1117169   211171694   教育系资料室/ [索取号:G633.603/713=2] 在馆    
3 1117170   211171701   教育系资料室/ [索取号:G633.603/713=2] 在馆    
4 1117171   211171710   教育系资料室/ [索取号:G633.603/713=2] 在馆    
5 1117172   211171729   第四借阅区/ [索取号:G633.603/713=2] 在馆    
唐山师范学院图书馆 欢迎您!
大连网信软件有限公司© 版权所有